Statistics for General Knowledge Quiz #9

Click here to take the quiz!

General Stats

  • This quiz has been taken 265,445 times
    (124,830 since last reset)
  • The average score is 9 of 20

Answer Stats

Question Answer % Correct
Who founded Facebook?Mark Zuckerberg
86%
What island do lemurs come from?Madagascar
85%
When Jack fell down, what did he break?His {Crown}
72%
What was the Soviet equivalent of the CIA?KGB
67%
What is the largest island in the Caribbean Sea?Cuba
66%
Who was the first woman to win a Nobel Prize?Marie Curie
63%
What is the largest species of lizard?Komodo Dragon
63%
What did the Normans conquer in 1066?England
60%
What singer is the subject of the movie "Walk the Line"?Johnny Cash
57%
In what language is the motto of the English monarch written?French
43%
What is the 2nd book of Bible?Exodus
43%
What, according to a supposed African proverb, does it take a village to do?Raise a Child
41%
What instrument did Ravi Shankar play?Sitar
39%
Who is He-Man's nemesis?Skeletor
34%
Who killed Achilles?Paris
29%
What city-state did Hannibal fight for?Carthage
24%
What is the Japanese word for freshwater eel?Unagi
22%
In what country would you be most likely to find a polder?Netherlands
17%
What movie coined the phrase "there can be only one"?Highlander
17%
What river borders Louisville, Kentucky?Ohio River
15%

Score Distribution

Percentile by Number Answered

Percent of People with Each Score

Your Score History

You have not taken this quiz since the last reset